| 000 | 01153cam a2200193 4500 | ||
|---|---|---|---|
| 001 | WB3739-15 | ||
| 008 | 011018n2001 000 0 eng u | ||
| 035 | _a(Sirsi) u115199 | ||
| 245 | _aAssessing statutory adjudication | ||
| 260 | _c2001 | ||
| 490 |
_aRICS Dispute Resolution News _v 11 October 2001, (1) |
||
| 520 | _aA number of reports monitoring the adjudication process have recently been issued. These are the third report of the Adjudication Reporting Centre of Glasgow Caledonian University, a survey conducted by Lee Crowther and a construction industry survey. The Adjudication Reporting Centre report looked at trends in adjudication over the last two years including fees which is also covered in the Lee Crowther survey. The final survey found that on the whole those involved were satisfied with adjudication as a means of dispute resolution. | ||
| 590 | _aWB | ||
| 650 | _aMANAGEMENT-DISPUTE AVOIDANCE, MANAGEMENT AND RESOLUTION-DISPUTE MANAGEMENT AND RESOLUTION-ALTERNATIVE DISPUTE RESOLUTION-ADJUDICATION | ||
| 650 | _aALTERNATIVE DISPUTE RESOLUTION | ||
| 650 | _aSURVEYS | ||
| 690 |
_aDispute resolution _96236 |
||
| 942 | _n0 | ||
| 999 |
_c68615 _d68615 |
||